| 000 | 00716nam a2200169 4500 | ||
|---|---|---|---|
| 003 | CO-ViMGA | ||
| 020 | _a9789587662283 | ||
| 040 |
_aCO-ViMGA _bspa _cCO-ViMGA |
||
| 090 | _aC MARts | ||
| 100 | 1 |
_aMartinez, Liliana _92225 |
|
| 245 | 1 | 0 |
_aToy Story 3 : _cLiliana Martinez _b¡Para leer, armar y jugar! / |
| 260 |
_aBogota : _bPanamericana Editorial, |
||
| 300 |
_a[10] paginas : _bil. ; Rompecabezas en goma ; 21 cm. |
||
| 520 | _aWoody y sus amigos se enfrentan en nuevas aventuras en la guardería Sunnyside. Los rompecabezas acompañan la historia. Solo hay que retirar las piezas y usarlas una y otra vez para jugar y armar la imagen completa. | ||
| 650 | 1 | 4 |
_aLibros ilustrados para niños _92237 |
| 942 |
_2ddc _cBK |
||
| 999 |
_c37149 _d37149 |
||